| 000 | 00563nam a2200181 a 4500 | ||
|---|---|---|---|
| 005 | 20260421155136.0 | ||
| 008 | 260416s2026##################000#0#eng## | ||
| 020 |
_a9781403941633 _qhbk |
||
| 041 | _aEng | ||
| 082 | 0 | 4 | _a361.610948 KAN |
| 100 | _aKangas,Olli. | ||
| 245 | 1 | 0 |
_aSocial Policy and Economic Development in the Nordic Countries. _c/edited by Olli Kangas and Joakim Palme. |
| 250 | _a1st ed | ||
| 260 |
_aNew York: _bPalgrave Macmillan, _c2005. |
||
| 300 |
_axix;326p. _c;20cm. |
||
| 650 | _aSocial Problems, Social Science. | ||
| 942 | _cENGLISH | ||
| 999 |
_c619461 _d619461 |
||